000 00491nam a22001697a 4500
005 20251108165255.0
008 250721s1990 xx 000 0 ara d
082 1 4 _a923.1/عمر
100 1 _aالعشري، عبد السلام
245 1 0 _aالعادل :
_bعمر بن عبد العزيز /
264 1 _aالقاهرة :
_bنهضة مصر،
_c1990.
300 _a303ص
650 1 7 _aالتراجم
650 1 7 _aالخلفاء الراشدون
942 _2ddc
_cBK
999 _c23814
_d23814